| 000 | 00386nam a2200157Ia 4500 | ||
|---|---|---|---|
| 008 | 230524s9999 xx 000 0 und d | ||
| 082 |
_a650.014 _bMAC |
||
| 100 | _aH.R.Machiraju | ||
| 245 | 0 | _aMergers Acquisitions and Takeovers | |
| 250 | _aIST | ||
| 260 |
_aNEW DELHI _bNew Age _c2008 |
||
| 300 | _aXIII;241 | ||
| 500 | _aQuantity Number: 3 | ||
| 650 | _aManagement | ||
| 942 | _cBK | ||
| 999 |
_c46859 _d46859 |
||